000 00343nam a2200133Ia 4500
008 151001s9999||||xx |||||||||||||| ||und||
100 _aसंतोष इंदुरेखा
245 _aहवा
250 _a1
260 _bबिंदिया प्रकाशन
260 _c2008
300 _a16
365 _b21
999 _c992432
_d992429